Η ελληνική οικονομία και η απασχόληση : ετήσια έκθεση 2013
Saved in:
| Corporate Author: | |
|---|---|
| Format: | Conference Proceeding Book |
| Language: | Greek |
| Published: |
Αθήνα :
Ινστιτούτο Εργασίας ΓΣΕΕ,
2013
|
| Series: | Εκθέσεις ;
; 15 |
| Subjects: | |
| Tags: |
Add Tag
No Tags, Be the first to tag this record!
|
MARC
| LEADER | 00000cam a2200000 i 4500 | ||
|---|---|---|---|
| 001 | 1/46967 | ||
| 008 | 140509s2013 gre d | ||
| 020 | |a 978-960-9571-37-1 (pbk.) | ||
| 035 | |l 10117573 | ||
| 040 | |a GR-MY-UA |b gre |e aacr | ||
| 041 | 0 | |a gre | |
| 082 | 0 | |a 330.9495 |2 (23) | |
| 111 | 2 | |a Ινστιτούτο Εργασίας ΓΣΕΕ. | |
| 245 | 1 | 2 | |a Η ελληνική οικονομία και η απασχόληση : |b ετήσια έκθεση 2013 / |c Ινστιτούτο Εργασίας ΓΣΕΕ |
| 260 | |a Αθήνα : |b Ινστιτούτο Εργασίας ΓΣΕΕ, |c 2013 | ||
| 300 | |a 396 σ.; |b διαγρ., πίν.; |c 28 εκ. | ||
| 490 | 1 | |a Εκθέσεις |v ; 15 | |
| 504 | |a Βιβλιογραφία: σ.377-396 | ||
| 650 | 0 | 0 | |a Employment (Economic theory) |
| 650 | 0 | 0 | |a Unemployment |z Greece. |
| 650 | 0 | 0 | |a Occupational mobility |z Greece |x Statistics. |
| 650 | 0 | 0 | |a Labor market |z Greece |x Statistics. |
| 651 | 0 | |a Greece |x Economic conditions |x Statistics. | |
| 651 | 0 | |a Greece |x Economic policy |y 1974- | |
| 830 | 0 | |a Εκθέσεις ; |v ; 15 | |
| 852 | |a INST |b CHIOS |e 20140509 |h 330.9495 ΙΝΣ |p 005200036092 |q 005200036092 |t BK |y 0 | ||
| 901 | |a BIBL2-2014-2 | ||
| 909 | |a Χ |b 180680 | ||
| 970 | |a ΣΠΕΝΤΖΑ |b ΕΛΕΝΗ |z 2014/05/09 | ||